00334pab a2200121 454500008004000000100002000040245005000060260000900110300001100119362000800130650002600138773004800164180718b1999 xxu||||| |||| 00| 0 eng d aBrennan, Gerard aThe mechanics of responsibility in government c1999 ap.3-11 aSep aPublic administration aAustralian Journal of Public Administration